Hindu pluralism : (Record no. 169352)

MARC details
000 -LEADER
fixed length control field 00641nam a22001937a 4500
005 - DATE AND TIME OF LATEST TRANSACTION
control field 20191115150035.0
010 ## - LCCN (DPL NO)
LC control number ENG-126915
020 ## - INTERNATIONAL STANDARD BOOK NUMBER
Terms of availability 1195.00
International Standard Book Number 9789386552860
035 ## - SYSTEM CONTROL NUMBER
System control number EN-110447
037 ## - SOURCE OF ACQUISITION
Source of stock number/acquisition DBAD/PUB
082 ## - DEWEY DECIMAL CLASSIFICATION NUMBER
Classification number 294.509
100 ## - MAIN ENTRY--PERSONAL NAME
Personal name FIS
245 ## - TITLE STATEMENT
Title Hindu pluralism :
Statement of responsibility, etc by Elaine M. Fisher
Remainder of title religion and the public sphere in early modern South Asia /
260 ## - PUBLICATION, DISTRIBUTION, ETC. (IMPRINT)
Place of publication, distribution, etc Delhi
Name of publisher, distributor, etc Primus Books
Date of publication, distribution, etc 2018
270 ## - ADDRESS
Address Virat Bhawan, Mukherjee Nagar Commercial Complex
Postal code 110009
City Delhi
300 ## - PHYSICAL DESCRIPTION
Extent ix;284p.
Dimensions 23cm(Hb)
500 ## - GENERAL NOTE
General note Includes bibliographical references and index
942 ## - ADDED ENTRY ELEMENTS (KOHA)
Source of classification or shelving scheme Dewey Decimal Classification
Item type English Books
Classification part 294.509
Call number suffix FIS
Holdings
Withdrawn status Lost status Not for loan Collection code Home library Current library Date acquired Source of acquisition Cost, normal purchase price Full call number Barcode Copy number Cost, replacement price Koha item type
      Non-fiction Bawana Bawana 15/11/2019 DBAD/PUB 1195.00 294.509 FIS EN-110447 1 1195.00 English Books

© Delhi Public Library
Hit Counter
free hit counter